| 000 | 00726nam a22002057a 4500 | ||
|---|---|---|---|
| 999 |
_c19938 _d19938 |
||
| 003 | AR-CdUCM | ||
| 008 | 190523b ||||| |||| 00| 0 spa d | ||
| 040 |
_aMUNICIPALIDAD PROVINCIAL DEL CUSCO _cBIBLIOTECA MUNICIPAL DEL CUSCO |
||
| 082 |
_a574 / _bE61 |
||
| 100 |
_aEngel, Leonard _941690 |
||
| 245 | _aEl mar / | ||
| 260 |
_aMéxico : _bOffset multicolor, _c1962. |
||
| 300 |
_a190 páginas ; _bMapas, fotografías, ilustraciones, _c27 cm. |
||
| 505 | _aContenido: El fantástico fenómeno del mar -- Remoto origen del mar -- Los paisajes submarinos... | ||
| 650 |
_aOceanografía _923396 |
||
| 650 |
_aBiología marina _91368 |
||
| 650 |
_aCorrientes marinas _941691 |
||
| 942 |
_2ddc _cLIBROS |
||
| 945 |
_adavv _d2019-05-23 |
||